| 000 | 00931cab a2200253 4500 | ||
|---|---|---|---|
| 001 | ABS54871 | ||
| 008 | 090401t1996 xxu||||| |||| 00| 0 eng d | ||
| 035 | _a(Sirsi) u12672 | ||
| 041 | _aeng | ||
| 100 | _aAnderson, J. | ||
| 245 | _aPredicting medium term cost escalation | ||
| 260 | _c1996 | ||
| 350 | _a0 | ||
| 490 |
_aBuilding Economist _vMarch 1996, 8-10(3) |
||
| 520 | _aConsiders factors to be taken into consideration by the estimator when attempting to predict the amount of escalation in cost between the estimate preparation and the bid date. Covers tools such as the Labour and Materials Index (LMI), construction cycles and Tender Index. Case study. References. | ||
| 650 | _aCONSTRUCTION COSTS | ||
| 650 | _aCOST ESCALATION | ||
| 650 | _aESTIMATING | ||
| 650 | _aLABOUR AND MATERIALS INDEX | ||
| 650 | _aTENDER INDEX | ||
| 690 | _aBUILT ENVIRONMENT-BUILDING COSTS | ||
| 942 | _n0 | ||
| 948 | _c04/03/1997 | ||
| 999 |
_c8108 _d8108 |
||